=LDR 00000nam 2200000 4500 =001 INLIS000000000032422 =005 20130612134429 =008 ***********************************ind** =035 ##$$0010-061300000032422 =041 ##$$a ind =082 ##$$a F Rom K =090 ##$$a F Rom K, Tre k =100 ##$$a TRESNA, Aliya =245 ##$$a Kecil-kecil punya karya, Super Erlyna, Aliya Tresna ; Penyunting, Dadan R =260 ##$$a 2009 $b Bandung =300 ##$$a 87 hlm, illus, 20 cm =650 ##$$a Fiksi Kanak-kanak =700 ##$$a Dadan, R =850 ##$$a NBPNMAT